Central Library OPAC University of Rajshahi

আরাকানের মুসলমান : (Record no. 27)

MARC details
000 -LEADER
fixed length control field 01592nam a2200313 a 4500
001 - CONTROL NUMBER
control field 27
003 - CONTROL NUMBER IDENTIFIER
rucl marc code BD-RjUL
005 - DATE AND TIME OF LATEST TRANSACTION
control field 20211208233109.0
008 - FIXED-LENGTH DATA ELEMENTS--GENERAL INFORMATION
fixed length control field 140723s2000 bg a b 000 0 beno
020 ## - INTERNATIONAL STANDARD BOOK NUMBER
International Standard Book Number 9843110986
035 ## - SYSTEM CONTROL NUMBER
System control number (BD-RjUL)29
040 ## - CATALOGING SOURCE
Original cataloging agency DLC
Transcribing agency DLC
Modifying agency BD-RjUL
Language of cataloging ben
041 0# - LANGUAGE CODE
Language code of text/sound track or separate title ben
082 04 - DEWEY DECIMAL CLASSIFICATION NUMBER
Edition number 23
Classification number 959.1
Author mark and year ARA 2000
245 00 - TITLE STATEMENT
Title আরাকানের মুসলমান :
Remainder of title ইতিহাস ও ঐতিহ্য /
Statement of responsibility, etc. মোহাম্মদ মুহিবউল্যাহ ছিদ্দিকী সম্পাদিত
260 ## - PUBLICATION, DISTRIBUTION, ETC. (IMPRINT)
Place of publication, distribution, etc. চট্টগ্রাম :
Name of publisher, distributor, etc. আরাকান হিস্টরিক্যাল সোসাইটি,
Date of publication, distribution, etc. ২০০০.
300 ## - PHYSICAL DESCRIPTION
Pagination [২], ৩১৯ পৃ. :
Illustrations চিত্র ;
Size ২২ সেমি.
504 ## - BIBLIOGRAPHY, ETC. NOTE
Bibliography, etc গ্রন্থপঞ্জী সংযুক্ত
600 ## - SUBJECT ADDED ENTRY--PERSONAL NAME
Chronological subdivision
650 ## - SUBJECT ADDED ENTRY--TOPICAL TERM
Topical term or geographic name as entry element রোহিঙ্গা (বার্মিজ জনতা)
Form subdivision ইতিহাস
9 (RLIN) 137698
Topical term or geographic name as entry element Rohingya (Burmese people)
Form subdivision History
9 (RLIN) 137699
Topical term or geographic name as entry element মুসলমান
Geographic subdivision বার্মা (মিয়ানমার)
-- আরাকান রাজ্য
Form subdivision ইতিহাস
9 (RLIN) 137700
Topical term or geographic name as entry element Muslims
Geographic subdivision Burma (Myanmar)
-- Arakan State
Form subdivision History.
9 (RLIN) 137701
Topical term or geographic name as entry element মিয়ানমার (বার্মা)
Form subdivision ইতিহাস
9 (RLIN) 137703
Topical term or geographic name as entry element Myanmar (Burma)
Form subdivision History
9 (RLIN) 137704
700 1# - ADDED ENTRY--PERSONAL NAME
Personal name ছিদ্দিকী, মোহাম্মদ মুহিবউল্যাহ, সম্পাদক
942 ## - ADDED ENTRY ELEMENTS (KOHA)
Koha item type Books
Source of classification or shelving scheme Dewey Decimal Classification
Holdings
Lost status Source of classification or shelving scheme Damaged status Not for loan Collection code Permanent Location Current Location Shelving location Date acquired Source of acquisition Cost, normal purchase price Total Checkouts Total Renewals Full call number Date last seen Date checked out Copy number Koha item type
  Dewey Decimal Classification     Non-fiction Central Library, University of Rajshahi Central Library, University of Rajshahi   19/03/2001 Editor 200.00 1 1 B 959.1 ARA 2000 16/08/2022 09/07/2019 C-5 Books
  Dewey Decimal Classification     Non-fiction Central Library, University of Rajshahi Central Library, University of Rajshahi   19/03/2001 Editor 200.00 5   B 959.1 ARA 2000 23/02/2020 26/01/2020 C-6 Books
  Dewey Decimal Classification     Non-fiction Central Library, University of Rajshahi Central Library, University of Rajshahi   19/03/2001 Editor 200.00 9 1 B 959.1 ARA 2000 13/11/2016 13/11/2016 C-7 Books
  Dewey Decimal Classification     Non-fiction Central Library, University of Rajshahi Central Library, University of Rajshahi   19/03/2001 Editor 200.00 2   B 959.1 ARA 2000 28/04/2014 16/01/2014 C-8 Books
  Dewey Decimal Classification     Non-fiction Central Library, University of Rajshahi Central Library, University of Rajshahi   19/03/2001 Editor 200.00 2   B 959.1 ARA 2000 16/01/2014 16/01/2014 C-9 Books
  Dewey Decimal Classification     Non-fiction Central Library, University of Rajshahi Central Library, University of Rajshahi   19/03/2001 Editor 200.00 1   B 959.1 ARA 2000 27/03/2018 12/03/2018 C-10 Books
  Dewey Decimal Classification     Non-fiction Central Library, University of Rajshahi Central Library, University of Rajshahi   19/03/2001 Editor 200.00 1   B 959.1 ARA 2000 08/03/2020 23/02/2020 C-3 Books
  Dewey Decimal Classification   Not For Loan Non-fiction Central Library, University of Rajshahi Central Library, University of Rajshahi Reading Room 19/03/2001 Professors muhiboullah shiddiki 200.00     B 959.1 ARA 2000 26/04/2017   C-1 Books